000 00520cam a2200181 4500500
005 20260329005217.0
041 _afre
042 _adc
100 1 0 _aDurand, Jean-Marie
_eauthor
245 0 0 _aSontag
260 _c2022.
500 _a65
690 _aPhotographie
690 _aQueer
690 _aSusan Sontag
786 0 _nPhilosophie magazine | 164 | 11 | 2022-11-01 | p. 70-70 | 1951-1787
856 4 1 _uhttps://shs.cairn.info/magazine-philosophie-magazine-2022-11-page-70?lang=fr&redirect-ssocas=7080
999 _c1841356
_d1841356